Giri veloci dei Gran Premi di Formula 1 2004 - Statistics

Statistiche generali
  • Questo quiz è stato fatto 10 volte
  • Il punteggio medio è 17 su 18
Statistiche sulle risposte
Gran Premio Giro veloce % Corretto
Gran Premio d'Australia Michael Schumacher
100%
Gran Premio della Malesia Michael Schumacher
100%
Gran Premio del Bahrein Michael Schumacher
100%
Gran Premio di San Marino Michael Schumacher
100%
Gran Premio di Spagna Michael Schumacher
100%
Gran Premio d'Europa Michael Schumacher
100%
Gran Premio del Canada Michael Schumacher
100%
Gran Premio degli Stati Uniti Michael Schumacher
100%
Gran Premio di Francia Michael Schumacher
100%
Gran Premio di Gran Bretagna Michael Schumacher
100%
Gran Premio di Germania Michael Schumacher
100%
Gran Premio d'Ungheria Michael Schumacher
100%
Gran Premio del Giappone Michael Schumacher
100%
Gran Premio del Belgio Kimi Räikkönen
89%
Gran Premio del Brasile Juan Pablo Montoya
78%
Gran Premio d'Italia Rubens Barrichello
78%
Gran Premio di Cina Rubens Barrichello
78%
Gran Premio di Monaco Jarno Trulli
44%
Nessun quiz corrispondente trovato
Distribuzione punteggi
Percentuale di utenti per punteggio
Percentile per numero di risposta
I tuoi punteggi nel tempo
Non hai fatto questo quiz